Yugoslav First League Champions - Statistics

General Stats
  • This quiz has been taken 20 times
  • The average score is 56 of 65
Answer Stats
Year Champion % Correct
1923 Dinamo Zagreb
100%
1926 Dinamo Zagreb
100%
1928 Dinamo Zagreb
100%
1936-37 Dinamo Zagreb
100%
1939-40 Dinamo Zagreb
100%
1947-48 Dinamo Zagreb
100%
1953-54 Dinamo Zagreb
100%
1957-58 Dinamo Zagreb
100%
1981-82 Dinamo Zagreb
100%
1929 Hajduk Split
100%
1949-50 Hajduk Split
100%
1951-52 Hajduk Split
100%
1954-55 Hajduk Split
100%
1970-71 Hajduk Split
100%
1973-74 Hajduk Split
100%
1974-75 Hajduk Split
100%
1978-79 Hajduk Split
100%
1946-47 Partizan
100%
1948-49 Partizan
100%
1960-61 Partizan
100%
1961-62 Partizan
100%
1962-63 Partizan
100%
1964-65 Partizan
100%
1975-76 Partizan
100%
1977-78 Partizan
100%
1982-83 Partizan
100%
1985-86 Partizan
100%
1986-87 Partizan
100%
1950-51 Red Star
100%
1952-53 Red Star
100%
1955-56 Red Star
100%
1956-57 Red Star
100%
1958-59 Red Star
100%
1959-60 Red Star
100%
1963-64 Red Star
100%
1967-68 Red Star
100%
1968-69 Red Star
100%
1969-70 Red Star
100%
1972-73 Red Star
100%
1976-77 Red Star
100%
1979-80 Red Star
100%
1980-81 Red Star
100%
1983-84 Red Star
100%
1987-88 Red Star
100%
1989-90 Red Star
100%
1990-91 Red Star
100%
1991-92 Red Star
100%
1927 Hajduk Split
94%
1966-67 FK Sarajevo
89%
1984-85 FK Sarajevo
89%
1965-66 Vojvodina
67%
1988-89 Vojvodina
67%
1971-72 Zeljeznicar
67%
1935 OFK Belgarde
50%
1931 OFK Belgrade
50%
1933 OFK Belgrade
50%
1936 OFK Belgrade
50%
1938-39 OFK Belgrade
50%
1924 SK Jugoslavija
39%
1925 SK Jugoslavija
39%
1930 Concordia Zagreb
17%
1932 Concordia Zagreb
17%
1937-38 HASK Zagreb
17%
1945 SR Serbia
17%
1934 No championship played
6%
No matching quizzes found
Score Distribution
Percent of People with Each Score
Percentile by Number Answered
Your Score History
You have not taken this quiz